[Event "IBM-B"]
[Site "Amsterdam"]
[Date "1971.??.??"]
[Round "1"]
[White "Enklaar, Bertus F"]
[Black "Ghitescu, Theodor"]
[Result "1/2-1/2"]
[WhiteElo "2400"]
[BlackElo "2460"]

1.d4 Nf6 2.c4 g6 3.Nc3 Bg7 4.e4 d6 5.Nf3 O-O 6.Be2 e5 7.O-O Nc6 8.d5 Ne7
9.Ne1 Ne8 10.Nd3 f5 11.f4 fxe4 12.Nxe4 c6 13.dxc6 Nxc6 14.Be3 Nd4 15.Bxd4 exd4
16.Bf3 Nf6 17.Qe2 Kh8 18.Rae1 Qc7 19.Nxf6 Bxf6 20.b3 Bd7 21.Bd5 Rae8 22.Qf3 Bc8
23.Re2 Qb6 24.Be4 Re7 25.Rfe1 Rfe8 26.g3 a5 27.h4 Qc7 28.Kh1 Bd7 29.Bd5 Rxe2
30.Rxe2 Rxe2 31.Qxe2 Qc8 32.Kh2 b6 33.Nf2 Qf8 34.Kg2 Bd8 35.Ne4 Bf5 36.Ng5 Bxg5
37.hxg5 h5 38.gxh6 d3 39.Qb2+ Kh7 40.Qg7+ Qxg7 41.hxg7 Kxg7 42.Kf2 g5 43.Ke3 Kf6
44.Bg2 gxf4+ 45.gxf4 d2 46.Kxd2 Bb1 47.Kc1 Bd3 48.Bh3 a4 49.Kb2 axb3 50.Kxb3 Be4
51.Kb4 Bc6 52.a3 Kg6 53.Bg4 Kf6 54.Bc8 Kg6 55.Kc3 Kf6 56.Kd4 Bf3 57.Bd7 Bb7
58.Kc3 Ke7 59.Ba4 Kf6 60.Kb4 Ba6 61.Bd7  1/2-1/2

[Event "Capablanca mem"]
[Site "Havana"]
[Date "1971.??.??"]
[Round "11"]
[White "Letelier, Rene"]
[Black "Hernandez, Roman"]
[Result "0-1"]
[WhiteElo "2310"]
[BlackElo "2370"]

1.d4 Nf6 2.c4 g6 3.Nc3 Bg7 4.e4 d6 5.Nf3 O-O 6.Be2 e5 7.O-O Nc6 8.d5 Ne7
9.b4 Nh5 10.c5 Nf4 11.Nd2 f5 12.f3 h5 13.Nc4 Nxe2+ 14.Qxe2 f4 15.Nd1 g5 16.Nf2 Ng6
17.Rb1 Rf7 18.cxd6 cxd6 19.b5 Bf8 20.Rb3 Rg7 21.h3 Nh8 22.b6 a6 23.Bd2 Nf7
24.Rc1 Nh6 25.Rc2 g4 26.fxg4 hxg4 27.hxg4 Nxg4 28.Be1 Nxf2 29.Qxf2 Bg4 30.Nd2 Bd1
31.Rc7 Bxb3 32.Rxg7+ Bxg7 33.Nxb3 Rc8 34.Qe2 Qxb6+ 35.Bf2 Qb5 36.Qg4 Qe8
37.Na5 Rc7 38.Bb6 Qd7 39.Qe6+ Qxe6 40.dxe6 Re7 41.Bd8 Rxe6 42.Nxb7 Rg6  0-1

[Event "DEN-ch"]
[Site "Hjorring"]
[Date "1971.??.??"]
[Round "5"]
[White "Brinck Claussen, Bjorn"]
[Black "Petersen, Finn"]
[Result "0-1"]
[WhiteElo "2425"]
[BlackElo "2340"]

1.d4 g6 2.e4 Bg7 3.c4 d6 4.Nf3 Nf6 5.Nc3 O-O 6.Be2 e5 7.O-O Nc6 8.d5 Ne7
9.Nd2 Nd7 10.b4 f5 11.f3 f4 12.c5 Nf6 13.Nc4 Ne8 14.a4 g5 15.c6 bxc6 16.dxc6 Be6
17.b5 a6 18.Ba3 axb5 19.axb5 Rb8 20.Rc1 Nc8 21.Rb1 Rf7 22.Nd5 Bf8 23.Na5 Nf6
24.Nb7 Qe8 25.b6 cxb6 26.Bb5 Na7 27.Nxd6 Bxd6 28.Bxd6 Rc8 29.Nxb6 Nxb5 30.Nxc8 Nc3
31.Qd3 Nxb1 32.Ne7+ Rxe7 33.Rxb1 Rf7 34.Bxe5 Qxc6 35.Qd8+ Kg7 36.h3 Qd7 37.Qb8 Qa7+
38.Qxa7 Rxa7 39.Rb6 Kf7 40.h4 Nd7 41.Rb5 Nxe5 42.Rxe5 g4 43.fxg4 Bxg4 44.Rg5 h5  0-1

[Event "CSR-ch"]
[Site "Luhacovice"]
[Date "1971.??.??"]
[Round "12"]
[White "Liebert, Heinz"]
[Black "Jansa, Vlastimil"]
[Result "1-0"]
[WhiteElo "2420"]
[BlackElo "2450"]

1.c4 g6 2.Nc3 Nf6 3.e4 d6 4.d4 Bg7 5.Nf3 O-O 6.Be2 e5 7.O-O Nc6 8.Be3 Re8
9.dxe5 dxe5 10.Qxd8 Nxd8 11.Nb5 Ne6 12.Ng5 Re7 13.Rad1 c6 14.Nd6 Nf4 15.Bxf4 exf4
16.c5 Be6 17.Nxe6 fxe6 18.g3 Rf8 19.gxf4 Nd7 20.Nxb7 Rxf4 21.b3 Rxe4 22.Bf3 Re5
23.b4 Rg5+ 24.Bg2 Bc3 25.a3 Nf6 26.Nd8 Nd5 27.Kh1 Nf4 28.Be4 Rh5 29.Nxc6 Rf7
30.Rd8+ Kg7 31.Ra8 Be5 32.Rxa7 Bc7 33.f3 Ne2 34.Rf2 Nc3 35.Rc2 Nb5 36.Rb7 Nxa3
37.Ra2 Nc4 38.Nd4 Kh6 39.Nxe6 Bxh2 40.Rxh2  1-0

[Event "Novy Smokovec"]
[Site "Novy Smokovec"]
[Date "1971.??.??"]
[Round "5"]
[White "Rakay, Kvetoslav"]
[Black "Vogt, Lothar"]
[Result "0-1"]
[WhiteElo "2200"]
[BlackElo "2390"]

1.d4 g6 2.Nf3 Bg7 3.c4 d6 4.Nc3 Nf6 5.e4 O-O 6.Be2 e5 7.O-O Nc6 8.d5 Ne7
9.Bd2 Nh5 10.g3 f5 11.exf5 Bxf5 12.Ng5 Nf6 13.g4 Bd7 14.Nge4 Nxe4 15.Nxe4 Kh8
16.b4 Ng8 17.Bg5 Nf6 18.c5 h6 19.Nxf6 hxg5 20.Ne4 Rf4 21.f3 Bxg4 22.fxg4 Rxe4
23.Qd3 Rf4 24.Qxg6 Qf6 25.Qxf6 Bxf6 26.cxd6 cxd6 27.Rac1 Bd8 28.Rxf4 exf4
29.Bb5 Kg7 30.Bd7 Kf6 31.Rc8 Rxc8 32.Bxc8 b6 33.b5 Ke5 34.Bb7 Kd4 35.Kf2 Kc3
36.Kf3 Kb2 37.h4 gxh4 38.Kxf4 Bg5+ 39.Kf3 Kxa2 40.Bc8 Kb3 41.Bd7 Kb4 42.Be8 Ka5  0-1

[Event "Rubinstein mem"]
[Site "Polanica Zdroj"]
[Date "1971.??.??"]
[Round "5"]
[White "Doda, Zbigniew"]
[Black "Bednarski, Jacek B"]
[Result "1/2-1/2"]
[WhiteElo "2430"]
[BlackElo "2400"]

1.d4 d6 2.c4 Nf6 3.Nc3 g6 4.Nf3 Bg7 5.e4 O-O 6.Be2 e5 7.O-O Nc6 8.Be3 Re8
9.dxe5 dxe5 10.Qxd8 Rxd8 11.Bg5 Rd7 12.Rad1 Rxd1 13.Rxd1 Bg4 14.Be3 Ne8 15.h3 Bxf3
16.gxf3 Nd4 17.f4 Nxe2+ 18.Nxe2 Nd6 19.b3 Nxe4 20.Rd7 exf4 21.Bxf4 Rc8 22.Rxc7 Rxc7
23.Bxc7  1/2-1/2

[Event "Venice"]
[Site "Venice"]
[Date "1971.??.??"]
[Round "1"]
[White "Hort, Vlastimil"]
[Black "Gligoric, Svetozar"]
[Result "1-0"]
[WhiteElo "2605"]
[BlackElo "2600"]

1.d4 Nf6 2.c4 g6 3.Nc3 Bg7 4.e4 d6 5.Nf3 O-O 6.Be2 e5 7.O-O Nc6 8.d5 Ne7
9.Ne1 Nd7 10.Nd3 f5 11.exf5 Nxf5 12.f3 Nf6 13.Nf2 Nd4 14.Re1 c5 15.Be3 a6
16.a4 Nf5 17.Bd2 Bh6 18.Bxh6 Nxh6 19.g4 Nf7 20.Qd2 b6 21.Kg2 Ra7 22.Bd3 e4
23.Ncxe4 Nxe4 24.Nxe4 Ne5 25.Be2 Raf7 26.Qg5 Qc7 27.Ra3 Kg7 28.Qc1 Qe7 29.h3 h5
30.Re3 hxg4 31.hxg4 Rh8 32.Rh1 Rxh1 33.Qxh1 Rf8 34.Qh2 Re8 35.Qg3 Nf7 36.Bd3 Bd7
37.b3 g5 38.Be2 a5 39.Kf2 Ne5 40.Bd1 Rf8 41.Kg2 Nf7 42.Qe1 Re8 43.Bc2 Qe5
44.Qc3 Re7 45.Qxe5+ dxe5 46.Re1 Re8 47.Rh1 Rh8 48.Rxh8 Kxh8 49.Nf6 Bc8 50.Kf2 Nd6
51.Nh7 Nf7 52.Bg6 Kg7 53.Bxf7 Kxh7 54.Be8  1-0

[Event "Islington op"]
[Site "Islington"]
[Date "1972.12.15"]
[Round "1"]
[White "Bennett, George H"]
[Black "Richardson, Keith B"]
[Result "1/2-1/2"]
[WhiteElo "2232"]
[BlackElo "2328"]

1.c4 g6 2.Nc3 Bg7 3.d4 Nf6 4.e4 O-O 5.Be2 d6 6.Nf3 e5 7.O-O Nc6 8.d5 Ne7
9.b4 Nh5 10.g3 f5 11.Ng5 Nf6 12.f3 c6 13.b5 h6 14.Ne6 Bxe6 15.dxe6 Ne8 16.Ba3 c5
17.Nd5 Nc7 18.Nxc7 Qxc7 19.Bb2 Rf6 20.Qb3 Rxe6 21.a4 Rf6 22.a5 Qd7 23.a6 b6
24.Rad1 Qe6 25.Bc3 f4 26.g4 g5 27.Rf2 h5 28.Rg2 h4  1/2-1/2

[Event "WchT U26"]
[Site "Graz"]
[Date "1972.??.??"]
[Round "2"]
[White "Anikaev, Yuri N"]
[Black "Malachi, Avraham"]
[Result "1-0"]
[WhiteElo "2475"]
[BlackElo "2200"]

1.d4 Nf6 2.c4 g6 3.Nc3 Bg7 4.e4 d6 5.Be2 O-O 6.Nf3 e5 7.O-O Nc6 8.d5 Ne7
9.b4 Ne8 10.Nd2 f5 11.f3 Bh6 12.Nb3 Bxc1 13.Rxc1 f4 14.c5 g5 15.Na5 Kh8 16.Qc2 Rg8
17.Nb5 dxc5 18.Qc3 a6 19.Qxe5+ Rg7 20.Nxc7 Nxc7 21.d6 Ng6 22.dxc7 Qd2 23.Qf6 Qxe2
24.Nc4 Qxa2 25.Nb6 g4 26.fxg4 Bxg4 27.Nxa8 Bh3 28.Rf2 Qa3 29.Qc3  1-0

[Event "WchT U26"]
[Site "Graz"]
[Date "1972.??.??"]
[Round "2"]
[White "Balashov, Yuri S"]
[Black "Friedman, Shmuel"]
[Result "1/2-1/2"]
[WhiteElo "2560"]
[BlackElo "2200"]

1.d4 Nf6 2.c4 g6 3.Nc3 Bg7 4.e4 d6 5.Nf3 O-O 6.Be2 e5 7.O-O Nc6 8.d5 Ne7
9.Bd2 Nd7 10.Rc1 h6 11.Ne1 f5 12.Nd3 fxe4 13.Nxe4 Nf5 14.f3 Nf6 15.Ndf2 Nd4
16.Nxf6+ Qxf6 17.Bd3 Bf5 18.Ne4 Qe7 19.Be3 Kh7 20.g4 Bd7 21.h3 Rf7 22.Ng3 Bf6
23.Qd2 Bg5 24.Bxg5 hxg5 25.Kg2 Kg7 26.Be4 Rh8 27.Rc3 Rh6 28.Rh1 Rf8 29.b4 Qf6
30.c5 Qf4 31.Qe3 Rhh8 32.cxd6 cxd6 33.Rhc1 Rc8 34.Nf1 Nb5 35.Rxc8 Rxc8 36.Rxc8 Bxc8
37.Qd3 Bd7 38.Bxg6 Qxb4 39.Bh5 e4 40.fxe4 Qc3 41.Qe2 Qf6 42.Nd2 Nc3 43.Qe3 Nd1
44.Qe1 Ba4 45.Nf3  1/2-1/2

[Event "Hastings7273"]
[Site "Hastings"]
[Date "1972.??.??"]
[Round "12"]
[White "Stean, Michael"]
[Black "Eley, Brian"]
[Result "1/2-1/2"]
[WhiteElo "2275"]
[BlackElo "2345"]

1.Nf3 Nf6 2.c4 g6 3.Nc3 Bg7 4.e4 d6 5.d4 O-O 6.Be2 e5 7.O-O Nc6 8.d5 Ne7
9.b4 a5 10.Ba3 axb4 11.Bxb4 Nd7 12.Nd2 f5 13.Nb3 b6 14.a4 Nc5 15.f3 fxe4
16.fxe4 Rxf1+ 17.Bxf1 Bd7 18.Bxc5 bxc5 19.Nb5 Bh6 20.Qf3 Nc8 21.a5 Na7 22.Bd3 Qb8
23.Qe2 c6 24.Nxa7  1/2-1/2

[Event "Skopje ol (Men) prel"]
[Site "Skopje"]
[Date "1972.??.??"]
[Round "1"]
[White "Bisson, John"]
[Black "Escondrillas, Carlos"]
[Result "0-1"]
[WhiteElo "2200"]
[BlackElo "2200"]

1.d4 Nf6 2.c4 g6 3.Nc3 Bg7 4.Nf3 O-O 5.e4 d6 6.Be2 Nc6 7.O-O e5 8.d5 Ne7
9.Qc2 Nh5 10.Bd3 f5 11.exf5 gxf5 12.Be2 Ng6 13.Bg5 Qe8 14.Rae1 Ngf4 15.Bxf4 Nxf4
16.Bd1 Qg6 17.g3 e4 18.Nd2 Bd7 19.Ne2 Nd3 20.b3 Rae8 21.Nc1 Nxe1 22.Rxe1 Bh6
23.Nf1 f4 24.f3 fxg3 25.Nxg3 exf3 26.Qxg6+ hxg6 27.Rxe8 Rxe8 28.Nd3 Re3 29.Nb2 Bg7
30.Kf2 Bd4 31.Bxf3 Rxb3+  0-1

[Event "Skopje ol (Men) prel"]
[Site "Skopje"]
[Date "1972.??.??"]
[Round "2"]
[White "Skalkotas, Nikolaos"]
[Black "Escondrillas, Carlos"]
[Result "1/2-1/2"]
[WhiteElo "2200"]
[BlackElo "2200"]

1.c4 Nf6 2.Nf3 g6 3.Nc3 Bg7 4.e4 O-O 5.d4 d6 6.Be2 e5 7.O-O Nc6 8.d5 Ne7
9.Nd2 Nd7 10.b4 a5 11.bxa5 Rxa5 12.Nb3 Ra8 13.a4 f5 14.f3 b6 15.a5 bxa5 16.Be3 Nf6
17.c5 a4 18.Nd2 Nh5 19.Rxa4 Rxa4 20.Qxa4 Nf4 21.Ba6 fxe4 22.fxe4 Bh6 23.Kh1 Kg7
24.c6 Ng8 25.Bxc8 Qxc8 26.Qa7 Nf6 27.Nb5 Rf7 28.g3 Qh3 29.gxf4 Ng4 30.Bg1 Bxf4
31.Rf3 Qh4 32.Nf1 Qe1 33.Nc3 Bg5 34.Rxf7+ Kxf7 35.Qxc7+ Be7 36.Qd7 Nf2+ 37.Kg2 Nd3
38.Qe6+ Ke8 39.Qg8+ Bf8 40.c7 Nf4+ 41.Kh1 Qxc3 42.Be3 Qxc7 43.Bxf4 exf4 44.Qe6+ Qe7
45.Qxe7+ Kxe7 46.Kg2 Kf6 47.Kf3 g5 48.h4 h6 49.h5 Ke5 50.Nh2 Kd4 51.Ng4 Bg7
52.Nh2 Be5 53.Ng4 Bg7 54.Nh2 Ke5 55.Ng4+  1/2-1/2

[Event "Skopje ol (Men) prel"]
[Site "Skopje"]
[Date "1972.??.??"]
[Round "3"]
[White "Al Hamani"]
[Black "Hay, Trevor"]
[Result "0-1"]
[WhiteElo "2200"]
[BlackElo "2200"]

1.d4 Nf6 2.c4 g6 3.Nf3 Bg7 4.Nc3 O-O 5.e4 d6 6.Be2 e5 7.O-O Nc6 8.d5 Ne7
9.Ne1 Nd7 10.f4 f5 11.fxe5 Nxe5 12.Nf3 Nxf3+ 13.Bxf3 f4 14.Bd2 g5 15.Bg4 Ng6
16.Rc1 Ne5 17.Be2 a6 18.b3 Bd7 19.a4 Bh6 20.h3 Qf6 21.Bf3 Qg6 22.Bh5 Qg7
23.Qe2 g4 24.hxg4 f3 25.Bxh6 Qxh6 26.gxf3 Nxf3+ 27.Rxf3 Qxc1+ 28.Qf1 Qg5
29.Qg2 Rxf3 30.Qxf3 Rf8 31.Qe2 Qf4 32.Kg2 Qe5 33.Qe3 Rf4 34.Qg3 h6 35.Kh2 Rf2+  0-1

[Event "Skopje ol (Men) fin-C"]
[Site "Skopje"]
[Date "1972.??.??"]
[Round "3"]
[White "Keeshan, M."]
[Black "Salinas"]
[Result "1/2-1/2"]
[WhiteElo "2299"]
[BlackElo "2299"]

1.e4 g6 2.d4 Bg7 3.c4 d6 4.Nc3 Nf6 5.Nf3 O-O 6.Be2 e5 7.O-O Nc6 8.d5 Ne7
9.h3 Nd7 10.Ng5 h6 11.Nf3 f5 12.Nh4 f4 13.g4 Kh7 14.Nf3 Ng8 15.Kh2 Ndf6 16.Rg1 Qd7
17.Qf1 g5 18.b4 Qf7 19.c5 Kh8 20.a4 Nxe4 21.Nxe4 Qxd5 22.Nfd2 Qe6 23.cxd6 cxd6
24.Bb2 d5 25.Nc5 Qd6 26.f3 b6 27.Nce4 dxe4 28.Nxe4 Qe7 29.b5 Rd8 30.Ba3 Qe6
31.Bc4 Qg6 32.Rd1 Be6 33.Bd3 Qf7 34.Nd6 Qc7 35.Be4 Rab8 36.Rc1 Qd7 37.Qe2 Bf6
38.Rge1 Qg7 39.Rc6 Rd7 40.Qd3 Rbd8 41.Bf5 Bxf5 42.Qxf5 Ne7 43.Qe6 Nxc6 44.bxc6 Rc7
45.Ne8 Rxe8 46.Qxe8+ Qg8 47.Qxg8+ Kxg8 48.Rc1 Kf7 49.Bd6 Rc8 50.c7 Ke6 51.Bf8 Kd7
52.Bxh6 Rxc7 53.Rxc7+ Kxc7 54.h4 Be7 55.hxg5 Kd6 56.g6 Ke6 57.g5 a6 58.Bg7 Bd6
59.Bf6 b5 60.axb5 axb5 61.Bd8 b4 62.Ba5 b3 63.Bc3 Ba3 64.g7 Kf7 65.Bxe5 b2
66.g6+ Kg8 67.Bxb2 Bxb2 68.Kh3 Bxg7 69.Kh4 Bh6 70.Kg4 Kf8 71.Kh4 Ke7 72.Kh5 Bg7
73.Kg5 Be5 74.Kf5 Bd6 75.Kg5 Kf8 76.Kf6 Bc7 77.g7+ Kg8 78.Kg6  1/2-1/2

[Event "Skopje ol (Men) prel"]
[Site "Skopje"]
[Date "1972.??.??"]
[Round "6"]
[White "Ogaard, Leif"]
[Black "Salinas"]
[Result "1-0"]
[WhiteElo "2340"]
[BlackElo "2200"]

1.d4 Nf6 2.c4 g6 3.Nc3 Bg7 4.e4 d6 5.Be2 O-O 6.Nf3 e5 7.O-O Nc6 8.d5 Ne7
9.Nd2 Nd7 10.b4 f5 11.a4 Nf6 12.c5 Bh6 13.exf5 Nxf5 14.Nf3 Bg7 15.Bb2 Bd7
16.a5 a6 17.Bc4 Kh8 18.Re1 Ng4 19.Ne4 Nh4 20.Ra3 Nxf3+ 21.Rxf3 Rxf3 22.Qxf3 Qe7
23.Qe2 Rf8 24.Bc1 Nf6 25.Bg5 Bf5 26.Bxf6 Bxf6 27.c6 bxc6 28.dxc6 Bxe4 29.Qxe4 Ra8
30.Rb1 Qf8 31.g3 Qh6 32.Qe2 Qh5 33.Bxa6 Qf5 34.Bd3 Qe6 35.Ba6 d5 36.Bb7 Ra7
37.Qb5 Be7 38.Rd1 d4 39.Bc8 Qxc8 40.Qxe5+ Kg8 41.Qxe7 Ra6 42.Rxd4  1-0

[Event "Skopje ol (Men) prel"]
[Site "Skopje"]
[Date "1972.??.??"]
[Round "7"]
[White "Hoong Chee, Loh"]
[Black "Friedman, Josef"]
[Result "0-1"]
[WhiteElo "2200"]
[BlackElo "2200"]

1.d4 Nf6 2.c4 g6 3.Nc3 Bg7 4.e4 d6 5.Be2 O-O 6.Nf3 e5 7.O-O Nc6 8.Bg5 exd4
9.Nb5 Re8 10.Nfxd4 Nxd4 11.Qxd4 h6 12.Nxc7 hxg5 13.Nxe8 Nxe8 14.Qd2 b6 15.Rad1 Bb7
16.f3 Qe7 17.Rfe1 Be5 18.Bf1 Nc7 19.b3 Ne6 20.Kh1 Kg7 21.g3 Qf6 22.Qf2 Bd4
23.Qg2 Rh8 24.Bd3 Bc5 25.Rf1 Bc8 26.Qd2 a5 27.a4 Nd4 28.f4 Bg4  0-1

[Event "Skopje ol (Men) fin-A"]
[Site "Skopje"]
[Date "1972.??.??"]
[Round "8"]
[White "Jansson, Borje"]
[Black "Tringov, Georgi P"]
[Result "0-1"]
[WhiteElo "2410"]
[BlackElo "2460"]

1.c4 Nf6 2.Nf3 g6 3.Nc3 Bg7 4.e4 d6 5.d4 O-O 6.Be2 e5 7.O-O Nc6 8.d5 Ne7
9.Nd2 c5 10.f4 exf4 11.Nf3 Bh6 12.g3 Bh3 13.Re1 g5 14.e5 dxe5 15.Nxe5 Ng6
16.Nd3 Re8 17.Bd2 Bf5 18.gxf4 gxf4 19.Rf1 Nd7 20.Kh1 Qh4 21.Be1 Qf6 22.Bf2 f3
23.Bxf3 Bxd3 24.Qxd3  0-1

[Event "Skopje ol (Men) fin-A"]
[Site "Skopje"]
[Date "1972.??.??"]
[Round "11"]
[White "Sznapik, Aleksander"]
[Black "Schaufelberger, Heinz"]
[Result "1/2-1/2"]
[WhiteElo "2365"]
[BlackElo "2340"]

1.c4 Nf6 2.Nf3 g6 3.Nc3 Bg7 4.e4 d6 5.d4 O-O 6.Be2 e5 7.O-O Nc6 8.d5 Ne7
9.Ne1 Ne8 10.Nd3 f5 11.Bd2 Nf6 12.f3 c5 13.a3 f4 14.b4 b6 15.a4 g5 16.a5 cxb4
17.Nxb4 bxa5 18.Nd3 Ng6 19.Qa4 g4 20.Qxa5 Qe7 21.c5 g3 22.cxd6 gxh2+ 23.Kxh2 Qe8
24.Be1 Nh5 25.Nc5 Ng3 26.Bxg3 fxg3+ 27.Kxg3 Nf4 28.Kf2 Qg6 29.Rg1 Qxd6 30.Qa3 a5
31.Ne6 Qb6+ 32.Qc5 Qb2 33.Qa3 Qb6+ 34.Qc5 Qb2 35.Qa3  1/2-1/2

[Event "Skopje ol (Men) fin-C"]
[Site "Skopje"]
[Date "1972.??.??"]
[Round "13"]
[White "Berrios Pagan, Angel"]
[Black "Littleton, Michael Flannan"]
[Result "0-1"]
[WhiteElo "2250"]
[BlackElo "2200"]

1.c4 g6 2.d4 Nf6 3.Nc3 Bg7 4.e4 d6 5.Be2 O-O 6.Nf3 e5 7.O-O Nc6 8.d5 Ne7
9.Ne1 Nd7 10.Be3 f5 11.f3 f4 12.Bf2 g5 13.Nd3 Nf6 14.c5 Rf7 15.Rc1 Ng6 16.Rc2 Bf8
17.Qd2 g4 18.Rfc1 g3 19.hxg3 fxg3 20.Bxg3 Nh5 21.Bh2 Be7 22.cxd6 cxd6 23.Nd1 Bg5
24.Ne3 Bd7 25.Rc7 Qf8 26.Rxb7 Qh6 27.Kf2 Nf6 28.Rc4 Bxe3+  0-1

[Event "Skopje ol (Men) fin-B"]
[Site "Skopje"]
[Date "1972.??.??"]
[Round "15"]
[White "Ogaard, Leif"]
[Black "Micheli, Carlo"]
[Result "1/2-1/2"]
[WhiteElo "2340"]
[BlackElo "2200"]

1.Nf3 Nf6 2.c4 g6 3.Nc3 Bg7 4.e4 d6 5.d4 O-O 6.Be2 e5 7.O-O Nc6 8.d5 Ne7
9.Nd2 c5 10.Rb1 Ne8 11.b4 f5 12.bxc5 dxc5 13.a4 Nd6 14.Ba3 b6 15.a5 Bh6 16.Bc1 Bd7
17.Bd3 Qc7 18.Qe2 Rae8 19.axb6 axb6 20.Ra1 Bxd2 21.Bxd2 fxe4 22.Nxe4 Nef5
23.Bc3 Nd4 24.Qa2 Bf5 25.f3 Bxe4 26.fxe4 b5 27.Qa6 bxc4 28.Bxc4 Kh8 29.Bd3 Qe7
30.Qb6 Nc8  1/2-1/2

[Event "SWE-ch"]
[Site "?"]
[Date "1972.??.??"]
[Round "4"]
[White "Nordstrom, Felix"]
[Black "Hansson, Dan"]
[Result "0-1"]
[WhiteElo "2310"]
[BlackElo "2200"]

1.d4 Nf6 2.c4 g6 3.Nc3 Bg7 4.e4 d6 5.Nf3 O-O 6.Be2 e5 7.O-O Nc6 8.d5 Ne7
9.Ne1 Nd7 10.Nd3 f5 11.Bd2 Nf6 12.f3 f4 13.c5 g5 14.Rc1 a6 15.Na4 b5 16.cxb6 cxb6
17.Qb3 b5 18.Nc3 Ng6 19.a4 g4 20.axb5 g3 21.Rfd1 gxh2+ 22.Kxh2 Nh5 23.Bf1 Ng3
24.Nf2 Qg5 25.Bc4 Nh4 26.Na4 Nxe4 27.Ng4 Bxg4 28.fxg4 Qxg4 29.Qh3 Qg3+ 30.Kg1 Nf3+  0-1

[Event "CAN-ch"]
[Site "Toronto"]
[Date "1972.??.??"]
[Round "2"]
[White "Selick, Paul"]
[Black "Zuk, Robert D"]
[Result "1-0"]
[WhiteElo "2275"]
[BlackElo "2260"]

1.d4 Nf6 2.c4 g6 3.Nc3 Bg7 4.e4 d6 5.Be2 O-O 6.Nf3 e5 7.O-O Nc6 8.d5 Ne7
9.Ne1 Ne8 10.Nd3 f5 11.Bd2 Nf6 12.f3 f4 13.c5 g5 14.Rc1 Ng6 15.cxd6 cxd6
16.Nb5 Qb6+ 17.Nf2 g4 18.Nc7 Rb8 19.Qb3 Qxb3 20.axb3 g3 21.Nd3 gxh2+ 22.Kxh2 a6
23.Bb4 Rd8 24.Ne6 Bxe6 25.dxe6 Bf8 26.Nf2 Be7 27.Rfd1 Ne8 28.Bc4 Rdc8 29.Bd5 Rxc1
30.Rxc1 Kg7 31.Nd3 Kf6 32.g3 fxg3+ 33.Kxg3 Ng7 34.Rh1 Nxe6 35.Rxh7 b6 36.Nxe5 dxe5
37.Bxe7+ Nxe7 38.Rh6+ Ng6 39.Bxe6 Kg5 40.Rh7 Nf4 41.Bg4 Rd8 42.Rf7 Ne2+ 43.Kf2 Nd4
44.Rg7+ Kf6 45.Rh7 Kg5 46.Rh5+ Kf4 47.Rh6 Nxb3 48.Rf6+ Kg5 49.Rf5+ Kg6 50.Rxe5 Nc5
51.Ke2 Rd4 52.Rd5 Rb4 53.Rd2 Kg5 54.Rd5+ Kg6 55.Ke3 Rxb2 56.Rd6+ Kf7 57.Rc6 a5
58.e5 Rb1 59.Rc7+ Ke8 60.Kf4 Re1 61.Kf5 Kd8 62.Rh7 a4 63.Kf6 a3 64.Ra7 Re3
65.f4 b5 66.e6 Nxe6 67.Bxe6 b4 68.Rd7+ Kc8 69.Ra7+ Kd8 70.Ra4 b3 71.Rxa3 b2
72.Ra8+ Kc7 73.Bf5 Re1 74.Ra7+ Kc6 75.Re7 b1=Q 76.Bxb1 Rxb1 77.f5 Kd6 78.Re2 Kd7
79.Kf7 Kd6 80.f6 Rf1 81.Kg7 Rg1+ 82.Kf8 Rf1 83.f7 Rb1 84.Re8 Rg1 85.Rd8+ Kc7
86.Rd4 Rf1 87.Kg7 Rg1+ 88.Kf6 Rf1+ 89.Kg6 Rg1+ 90.Kf5  1-0

[Event "JUG-ch"]
[Site "Umag"]
[Date "1972.??.??"]
[Round "1"]
[White "Nemet, Ivan"]
[Black "Komljenovic, Davor"]
[Result "1-0"]
[WhiteElo "2415"]
[BlackElo "2200"]

1.d4 Nf6 2.c4 g6 3.Nc3 Bg7 4.e4 d6 5.Nf3 O-O 6.Be2 e5 7.O-O Nc6 8.d5 Ne7
9.Nd2 Nd7 10.b4 Bh6 11.Nb3 Bxc1 12.Rxc1 f5 13.c5 Nf6 14.exf5 gxf5 15.cxd6 cxd6
16.Na5 f4 17.Nb5 Nf5 18.Nc7 Rb8 19.Re1 Rf7 20.Ne6 Bxe6 21.dxe6 Rg7 22.Qb3 Kh8
23.Qh3 Nd4 24.Nb3 Nxe2+ 25.Rxe2 Qe7 26.Rec2 Rbg8 27.Rc8 Ng4 28.R1c7 Qxc7
29.Rxc7 Rxc7 30.Qd3 Rgc8 31.g3 Rc3 32.Qd1 Rg8 33.e7 fxg3 34.hxg3 Rcc8 35.Qxd6 Rce8
36.Nc5 Rg7 37.Ne6 Rf7 38.f3 Rxf3 39.Nc7 Rxg3+ 40.Kf1 Rf3+ 41.Ke1 Nf6 42.Nxe8 Nxe8
43.Qd8  1-0

[Event "JUG-ch"]
[Site "Umag"]
[Date "1972.??.??"]
[Round "12"]
[White "Nemet, Ivan"]
[Black "Bukic, Enver"]
[Result "0-1"]
[WhiteElo "2415"]
[BlackElo "2455"]

1.d4 Nf6 2.c4 g6 3.Nc3 Bg7 4.e4 d6 5.Nf3 O-O 6.Be2 e5 7.O-O Nc6 8.d5 Ne7
9.Nd2 c5 10.Rb1 b6 11.b4 cxb4 12.Rxb4 Nd7 13.a4 f5 14.a5 Nc5 15.axb6 axb6
16.f3 Bh6 17.Nb3 Bxc1 18.Qxc1 f4 19.Qb2 Bd7 20.Nxc5 bxc5 21.Rb7 Nc8 22.Ra1 Rxa1+
23.Qxa1 h5 24.Kf1 g5 25.Bd1 Rf7 26.Qa8 g4 27.Rb8 Rf8 28.Rb7 gxf3 29.Bxf3 Bg4
30.Nb5 Qh4 31.Qa5 Bxf3 32.Qc7 Bxg2+ 33.Kxg2 f3+ 34.Kf1 Qh3+ 35.Ke1 f2+ 36.Kd2 f1=N+
37.Kc1 Qe3+ 38.Kb1 Nd2+ 39.Kc2 Qb3+ 40.Kc1  0-1

[Event "Hoogovens-B"]
[Site "Wijk aan Zee"]
[Date "1972.??.??"]
[Round "?"]
[White "Denker, Arnold S"]
[Black "Garcia Martinez, Silvino"]
[Result "1/2-1/2"]
[WhiteElo "2270"]
[BlackElo "2335"]

1.d4 Nf6 2.c4 g6 3.Nc3 Bg7 4.e4 d6 5.Be2 O-O 6.Nf3 e5 7.O-O Nc6 8.d5 Ne7
9.Nd2 c5 10.Rb1 Ne8 11.b4 b6 12.a4 f5 13.bxc5 bxc5 14.f3 Bh6 15.Nb3 g5  1/2-1/2

[Event "Hoogovens-B"]
[Site "Wijk aan Zee"]
[Date "1972.??.??"]
[Round "?"]
[White "Van Scheltinga, Theo D"]
[Black "Denker, Arnold S"]
[Result "1-0"]
[WhiteElo "2360"]
[BlackElo "2270"]

1.Nf3 Nf6 2.c4 g6 3.Nc3 Bg7 4.e4 d6 5.d4 O-O 6.Be2 e5 7.O-O Nc6 8.d5 Ne7
9.Ne1 c5 10.Nd3 Ne8 11.f4 b6 12.Qe1 Ba6 13.Nb5 Bxb5 14.cxb5 Qc7 15.fxe5 dxe5
16.Qh4 f5 17.Bg5 Nf6 18.Rad1 Rae8 19.Nf2 Qd6 20.g4 Kh8 21.Rd3 fxg4 22.Nxg4 Nxe4
23.Rxf8+ Bxf8 24.Bf6+ Bg7 25.Bxg7+ Kxg7 26.Qh6+ Kg8 27.Rh3 Nf5 28.Qxh7+ Kf8
29.Qxa7 Qe7 30.Qxe7+ Rxe7 31.Rh8+ Kg7 32.Rb8 Nd4 33.Kf1 Rf7+ 34.Ke1 Rf4 35.Rb7+ Kg8
36.Rb8+ Kg7 37.Rb7+ Kg8 38.h3 Ng3 39.d6  1-0

[Event "IBM-B"]
[Site "Amsterdam"]
[Date "1973.??.??"]
[Round "8"]
[White "Sosonko, Gennadi"]
[Black "Torre, Eugenio"]
[Result "1/2-1/2"]
[WhiteElo "2430"]
[BlackElo "2430"]

1.d4 Nf6 2.Nf3 g6 3.c4 Bg7 4.Nc3 O-O 5.e4 d6 6.Be2 e5 7.O-O Nc6 8.d5 Ne7
9.Nd2 c5 10.a3 Ne8 11.b4 b6 12.Qb3 f5 13.a4 a5 14.bxc5 bxc5 15.Rb1 Nc7 16.Nb5 Na6
17.exf5 gxf5 18.f4 e4 19.Bb2 Rf7 20.g4 e3 21.Nf3 Bxb2 22.Qxb2 Ng6 23.Ng5 Rg7
24.Ne6 Bxe6 25.dxe6 Qe7 26.Bf3 Rf8 27.Bd5 Nb4 28.Qe2 Nxd5 29.cxd5 fxg4 30.Qxe3 Nh4
31.Rb2 Nf5 32.Qe4 g3 33.h3 Qh4 34.Kg2 Qf6 35.Rb3 Qg6 36.Re1 Qh6 37.Rf1 Qh5
38.Re1 Qh6 39.Rf1 Qf6 40.Rc3 Rg6 41.Re1 Rh6 42.Qe2 Rg6 43.Qe4 Rb8 44.Rb3 Rb7
45.Rbb1 Re7 46.Rb3 Kh8 47.Na3 Re8 48.Nc4 Rh6 49.Ne3 Nh4+ 50.Kg1 Qd4 51.Qxd4+ cxd4
52.Ng4 Rg6 53.f5 Nxf5 54.Rf1 Ne7 55.Rb7 Nxd5 56.Rf5 Ne3 57.Nf6 Rxf6 58.Rxf6  1/2-1/2

[Event "Australia op"]
[Site "Australia"]
[Date "1973.??.??"]
[Round "6"]
[White "Teters, A."]
[Black "Glynn, D."]
[Result "1-0"]
[WhiteElo "2200"]
[BlackElo "2200"]

1.d4 Nf6 2.c4 g6 3.Nc3 Bg7 4.e4 O-O 5.Nf3 d6 6.Be2 e5 7.O-O Nc6 8.d5 Ne7
9.b4 a5 10.bxa5 Rxa5 11.Nd2 Nd7 12.Nb3 Ra8 13.Be3 b6 14.a4 f5 15.f3 Nc5 16.Nxc5 bxc5
17.Qd2 f4 18.Bf2 g5 19.Rfb1 Ng6 20.a5 Ba6 21.Qa2 h5 22.Nb5 Bf6 23.Bd1 Kh7
24.Qe2 Rg8 25.Kh1 Ne7 26.Qe1 Kg7 27.Qd2 Kh7 28.Ra3 Rg6 29.Ba4 g4 30.g3 Bg5
31.gxf4 exf4 32.e5 Kh6 33.Bc2 Rg7 34.Qe2 dxe5 35.fxg4 hxg4 36.Qxg4 Rg6 37.Bxg6 Kxg6
38.Bh4 Nf5 39.Rg1 Nxh4 40.Qxh4 Bxb5 41.Rh3 Bxc4 42.Qh7+ Kf6 43.Rh6+ Bxh6
44.Rg6+ Kf5 45.Rg7+ Kf6 46.Qg6+  1-0

[Event "Bauang"]
[Site "Bauang"]
[Date "1973.??.??"]
[Round "1"]
[White "Tatai, Stefano"]
[Black "Torre, Eugenio"]
[Result "1/2-1/2"]
[WhiteElo "2430"]
[BlackElo "2430"]

1.d4 Nf6 2.c4 g6 3.Nc3 Bg7 4.e4 d6 5.Nf3 O-O 6.Be2 e5 7.O-O Nc6 8.d5 Ne7
9.Ne1 Nd7 10.g4 f5 11.f3 Nf6 12.Nd3 c6 13.Bd2 Kh8 14.Kg2 Bd7 15.h3 Rc8 16.Qb3 b5
17.cxb5 cxd5 18.exd5 Qb6 19.g5 Rxc3 20.bxc3 Nfxd5 21.f4 Be6 22.c4 Ne3+ 23.Bxe3 Qxe3
24.Rae1 Rc8 25.Qb4 Bxc4 26.Qxd6 Nd5 27.Nxe5 Bxe2 28.Nf7+ Kg8 29.Nh6+ Kh8
30.Nf7+ Kg8 31.Nh6+ Kh8  1/2-1/2

[Event "HUN-ch"]
[Site "?"]
[Date "1973.??.??"]
[Round "?"]
[White "Petran, Pal"]
[Black "Hazai, Laszlo"]
[Result "0-1"]
[WhiteElo "2200"]
[BlackElo "2200"]

1.d4 Nf6 2.c4 g6 3.Nc3 Bg7 4.e4 O-O 5.Be2 d6 6.Nf3 e5 7.O-O Nc6 8.dxe5 Nxe5
9.Nd4 Re8 10.Rb1 c6 11.b3 Ned7 12.f3 d5 13.exd5 cxd5 14.Ndb5 a6 15.Na3 d4
16.Na4 Ne5 17.Rf2 Bf5 18.Rb2 d3 19.Bf1 Bf8 20.c5 b5 21.Nb6 Bxc5 22.Nxa8 Bxa3
23.g4 Be6 24.Bg5 Bxb2 25.Rxb2 Qd4+ 26.Rf2 Nd5  0-1

[Event "DSV-Turnier"]
[Site "Leipzig"]
[Date "1973.??.??"]
[Round "7"]
[White "Schmidt, Wlodzimierz"]
[Black "Atanasov, Gospodin"]
[Result "1-0"]
[WhiteElo "2455"]
[BlackElo "2440"]

1.Nf3 Nf6 2.c4 g6 3.Nc3 Bg7 4.e4 d6 5.d4 O-O 6.Be2 Nc6 7.O-O e5 8.d5 Ne7
9.b4 a5 10.bxa5 Rxa5 11.Nd2 b6 12.Nb3 Ra8 13.a4 Nd7 14.a5 Ba6 15.Be3 Nc5
16.axb6 cxb6 17.Nxc5 bxc5 18.Qc2 f5 19.f3 fxe4 20.fxe4 Rxf1+ 21.Bxf1 Bb7
22.Ra4 Rxa4 23.Qxa4 Kf7 24.Qa7 Qd7 25.Nb5 Nc8 26.Qb8 Bf8 27.Nc7 Be7 28.Qxb7 Bd8
29.Ne6  1-0